000
00253nam a22001217a 4500
020
_a
978-81-83555-66-1
082
_a
494
_b
MAP/N
245
_a
NIBHANDHAVALI
260
_a
INDIA
_b
MAPLE PRESS
300
_a
240
650
_a
HINDI ESSAY
_z
INDIA
942
_c
BK
999
_c
7286
_d
7286